00302nam a22000977a 450000500170000000800410001704100080005824501080006626000220017430000080019620170620151748.0170620b xxu||||| |||| 00| 0 eng d aeng aGATE 2017 MECHANICAL ENGINEERING:bobjective question (topicwise previous years GATEsolved questions)  bENGINEERS ACADEMY a560